[Event "Parsvnath ch-Commonwealth"]
[Site "New Delhi IND"]
[Date "2007.12.08"]
[Round "8"]
[White "Sundararajan,K"]
[Black "Jones,G"]
[Result "1/2-1/2"]
[WhiteElo "2442"]
[BlackElo "2567"]

1.d4 Nf6 2.c4 g6 3.Nc3 Bg7 4.e4 d6 5.Nf3 O-O 6.Be2 e5 7.Be3 Ng4 8.Bg5 f6
9.Bh4 g5 10.Bg3 Nh6 11.d5 Nd7 12.Nd2 f5 13.exf5 Nf6 14.Nde4 Nxe4 15.Nxe4 Nxf5
16.Bg4 Nd4 17.O-O Bf5 18.Bxf5 Rxf5 19.f3 Qe8 20.Bf2 Qg6 21.Qd3 Rf7 22.Bxd4 exd4
23.Rae1 Re7 24.Nf2 Qxd3 25.Nxd3 Re3 26.Rxe3 dxe3 27.Re1 Bd4 28.Kf1 Rc8 29.b3 a5
30.Ke2 a4 31.b4 c6 32.dxc6 Rxc6 33.Rc1 Kf7 34.b5 Rc8 35.Nb4 h5 36.Nd5 h4
37.Kd3 Be5 38.h3 Bf4 39.Re1 Rc5 40.Nxe3 Bxe3 41.Rxe3 d5 42.cxd5 Rxb5 43.Kc3 Rxd5
44.Re4 b5 45.f4 Kf6  1/2-1/2

[Event "Parsvnath ch-Commonwealth"]
[Site "New Delhi IND"]
[Date "2007.12.08"]
[Round "8"]
[White "Kamble,V"]
[Black "Thipsay,P"]
[Result "1-0"]
[WhiteElo "2374"]
[BlackElo "2473"]

1.Nf3 Nf6 2.c4 g6 3.Nc3 Bg7 4.e4 d6 5.d4 O-O 6.Be2 Nbd7 7.O-O e5 8.Be3 c6
9.d5 c5 10.Ne1 Ne8 11.Nd3 Qe7 12.a3 f5 13.f3 Ndf6 14.b4 b6 15.a4 a5 16.bxc5 bxc5
17.Nc1 Nh5 18.Nb3 Nf4 19.Bd2 Nf6 20.g3 N4h5 21.exf5 gxf5 22.Nb5 e4 23.Nxa5 Rxa5
24.Bxa5 exf3 25.Bxf3 Qe3+ 26.Kg2 Qg5 27.Bc7 f4 28.Bxd6 Ng4 29.Ra3 fxg3 30.hxg3 Re8
31.Re1 Be5 32.Bxe5 Rxe5 33.Bxg4 Rxe1 34.Qxe1 Qxg4 35.Qe8+ Kg7 36.Qe5+ Kg6
37.Rf3 Qh3+ 38.Kg1 Bg4 39.Qe8+ Kh6 40.Qf8+ Kg5 41.Qg8+ Kh6 42.Nd6 Ng7 43.Nf7+ Kg6
44.Ne5+  1-0

[Event "Parsvnath ch-Commonwealth"]
[Site "New Delhi IND"]
[Date "2007.12.09"]
[Round "9"]
[White "Mohota,N"]
[Black "Kamble,V"]
[Result "0-1"]
[WhiteElo "2416"]
[BlackElo "2374"]

1.d4 Nf6 2.c4 g6 3.Nc3 Bg7 4.e4 d6 5.Nf3 O-O 6.Be2 Na6 7.O-O e5 8.Be3 Ng4
9.Bg5 Qe8 10.c5 h6 11.Bh4 exd4 12.Nd5 dxc5 13.Bxa6 bxa6 14.Rc1 g5 15.Nxc7 Qxe4
16.Re1 Qc6 17.Nxa8 gxh4 18.h3 Nf6 19.Nxd4 Qxa8 20.Rxc5 Ne4 21.Rc4 Qd5 22.Rb4 Nxf2
23.Kxf2 Rd8 24.Kf1 a5 25.Ra4 Bxd4 26.Rxd4 Ba6+ 27.Kg1 Qxd4+ 28.Qxd4 Rxd4
29.Re7 Rd1+ 30.Kh2 Rd2 31.Rxa7 Bf1 32.Rxa5 Rxg2+ 33.Kh1 Rxb2  0-1

[Event "Parsvnath ch-Commonwealth"]
[Site "New Delhi IND"]
[Date "2007.12.09"]
[Round "9"]
[White "Khegay,A"]
[Black "Gagare,Shal"]
[Result "1-0"]
[WhiteElo "2218"]
[BlackElo "1988"]

1.d4 Nf6 2.Nf3 g6 3.c4 Bg7 4.Nc3 O-O 5.e4 d6 6.Be2 Na6 7.O-O e5 8.Re1 Bg4
9.dxe5 Bxf3 10.Bxf3 dxe5 11.Be3 c6 12.a3 Qe7 13.b4 Rfd8 14.Qa4 Nd7 15.Bg4 Nb6
16.Qb3 h5 17.Bh3 Rd3 18.c5 Na4 19.Qxa4 Rxc3 20.Rad1 Rd8 21.g3 Nc7 22.Qxa7 Nb5
23.Rxd8+ Qxd8 24.Qxb7 Nd4 25.Bxd4 exd4 26.Rd1 Qf6 27.f4 h4 28.e5 Qd8 29.Qd7 Qxd7
30.Bxd7 Rxa3 31.Bxc6 Rb3 32.Rxd4 Bf8 33.Kg2 hxg3 34.hxg3 Rb2+ 35.Kh3 Bg7
36.Rc4 f6 37.e6 f5 38.Bd7 Bf6 39.b5 g5 40.fxg5 Bxg5 41.c6  1-0

[Event "XVII Magistral"]
[Site "Elgoibar ESP"]
[Date "2007.12.10"]
[Round "1"]
[White "Gonzalez de la Torre,S"]
[Black "Paunovic,D"]
[Result "0-1"]
[WhiteElo "2399"]
[BlackElo "2535"]

1.d4 Nf6 2.c4 g6 3.Nc3 Bg7 4.e4 d6 5.Nf3 O-O 6.Be2 e5 7.O-O c6 8.d5 Na6 9.Bg5 h6
10.Bh4 g5 11.Bg3 Nc5 12.Nd2 a5 13.b3 Bd7 14.a3 cxd5 15.cxd5 b5 16.b4 axb4
17.axb4 Na4 18.Qb3 Qb6 19.Rac1 Nxc3 20.Rxc3 Rfc8 21.Rxc8+ Rxc8 22.Qd3 Qa7
23.Rb1 h5 24.h3 Bh6 25.Kf1 h4 26.Bh2 Qa2 27.Bd1 g4 28.Nb3 Rc3 29.Qxc3 Qxb1
30.Qc2 Qxc2 31.Bxc2 gxh3 32.f3 Nh5 33.gxh3 Bxh3+ 34.Kf2 Bf4 35.Bxf4 Nxf4
36.Nc1 Kg7 37.Bd3 Nxd3+ 38.Nxd3 f5 39.Ne1 Kf6 40.Nc2 fxe4 41.fxe4 Kg5 42.Ke3 Kg4
43.Ne1 Kg3  0-1

[Event "ch-Central Serbia"]
[Site "Vrnjacka Banja SRB"]
[Date "2007.12.12"]
[Round "4"]
[White "Arsovic,Z"]
[Black "Biljanic,L"]
[Result "1-0"]
[WhiteElo "2459"]
[BlackElo "2291"]

1.Nf3 Nf6 2.c4 g6 3.Nc3 d6 4.d4 Nbd7 5.e4 e5 6.Be2 Bg7 7.O-O O-O 8.Be3 Nh5
9.g3 Re8 10.Qc2 c6 11.Rfd1 Qe7 12.c5 dxc5 13.d5 Nhf6 14.dxc6 bxc6 15.Na4 Bf8
16.Rac1 Rb8 17.a3 h6 18.Nd2 Qe6 19.f3 h5 20.Bc4 Qe7 21.Bf1 Nh7 22.b3 Ng5
23.Nxc5 Nxc5 24.Bxc5 Qf6 25.Bxf8 Rxf8 26.Qc3 Rd8 27.Be2 h4 28.f4 Nh3+ 29.Kg2 Rd4
30.Nc4 hxg3 31.hxg3 Be6 32.Rxd4 exd4 33.Qd3 Kg7 34.Bf3 Qxf4 35.Qxd4+ Qf6
36.Qxf6+ Kxf6 37.b4 g5 38.Ne3 g4 39.Nxg4+ Bxg4 40.Bxg4 Ng5 41.Rxc6+ Ke7 42.Ra6 Rb7
43.Bf5 Rc7 44.Kf2 f6 45.b5 Nf7 46.Rc6 Rb7 47.a4 Ne5 48.Rc3 Kd6 49.Ke3  1-0

[Event "SVDB IM Norm"]
[Site "Eupen BEL"]
[Date "2007.12.13"]
[Round "7"]
[White "Petkov,V"]
[Black "Braun,Christi2"]
[Result "0-1"]
[WhiteElo "2508"]
[BlackElo "2296"]

1.d4 g6 2.c4 Bg7 3.Nc3 d6 4.Nf3 Nf6 5.e4 O-O 6.Be2 e5 7.Be3 Na6 8.d5 Nc5
9.Nd2 a5 10.g4 Ne8 11.h4 f5 12.gxf5 gxf5 13.exf5 Bxf5 14.Bxc5 dxc5 15.Nde4 Nd6
16.Bd3 Bxe4 17.Bxe4 Bh6 18.Qd3 Qe7 19.f3 Kh8 20.Ne2 Rf7 21.Rh3 Rg8 22.Kf2 Rfg7
23.Rah1 Qf6 24.Rg3 Rg4 25.Rhg1 Rxg3 26.Nxg3 Qxh4 27.Bxh7 Rxg3  0-1

[Event "XX Carlos Torre Magistral"]
[Site "Merida MEX"]
[Date "2007.12.15"]
[Round "1"]
[White "Colli Lopez,S"]
[Black "Zapata,Alo"]
[Result "0-1"]
[WhiteElo "2062"]
[BlackElo "2495"]

1.d4 Nf6 2.Nf3 g6 3.c4 Bg7 4.Nc3 O-O 5.e4 d6 6.Be2 Na6 7.O-O e5 8.d5 Nc5
9.Qc2 a5 10.Bg5 h6 11.Be3 Nh7 12.Nd2 f5 13.f4 exf4 14.Rxf4 g5 15.Rff1 f4
16.Bf2 g4 17.Kh1 Be5 18.Rad1 Bd7 19.Nb5 Ng5 20.Bd4 Bxb5 21.Bxe5 Ba4 22.b3 dxe5
23.bxa4 h5 24.Rb1 Qe7 25.Rb5 b6 26.Bd3 f3 27.gxf3 gxf3 28.Nb3 Nh3 29.Nxc5 bxc5
30.Qd2 Ra6 31.Qe3 Rg6 32.Rbb1 Qg5 33.Qxg5 Rxg5 34.Bc2 Kh7 35.Rb7 Rg1+  0-1

[Event "XX Carlos Torre Magistral"]
[Site "Merida MEX"]
[Date "2007.12.16"]
[Round "3"]
[White "Blanco Fernandez,A"]
[Black "Gonzalez Chavez,E"]
[Result "1-0"]
[WhiteElo "2331"]
[BlackElo "2093"]

1.d4 Nf6 2.c4 g6 3.Nc3 Bg7 4.e4 d6 5.Be2 O-O 6.Nf3 e5 7.dxe5 dxe5 8.Qxd8 Rxd8
9.Nd5 Nxd5 10.cxd5 h6 11.Bd2 Bg4 12.Ba5 Bxf3 13.Bxf3 b6 14.Bc3 Nd7 15.Be2 Nc5
16.f3 c6 17.O-O-O Rd6 18.Bc4 Rc8 19.Kb1 Rcd8 20.Rhe1 Kh7 21.Rd2 f5 22.exf5 cxd5
23.fxg6+ Kxg6 24.Bf1 d4 25.Bb4 a5 26.Ba3 h5 27.b3 Bh6 28.Rdd1 Kf5 29.Bb2 Be3
30.g3 e4 31.fxe4+ Kxe4 32.Bh3 Kf3 33.Rf1+ Ke4 34.Rde1 Kd5 35.Bg2+ Ke6 36.Bxd4 Rxd4
37.Rxe3+ Kd6 38.Rf6+ Kc7 39.Bf3  1-0

[Event "ch-Central Serbia"]
[Site "Vrnjacka Banja SRB"]
[Date "2007.12.16"]
[Round "9"]
[White "Boskovic,Z"]
[Black "Tosic,M"]
[Result "0-1"]
[WhiteElo "2207"]
[BlackElo "2422"]

1.d4 Nf6 2.c4 g6 3.Nc3 Bg7 4.e4 d6 5.Nf3 O-O 6.Be2 Nbd7 7.O-O e5 8.d5 Nc5
9.Qc2 a5 10.Be3 Ng4 11.Bxc5 dxc5 12.Rad1 Re8 13.Nb5 Ra6 14.Nd2 Bf8 15.Nb3 Bd6
16.Qd2 a4 17.Nc1 Nf6 18.Nxd6 cxd6 19.f3 Bd7 20.Nd3 Qe7 21.Qh6 Kh8 22.g4 b5
23.Nf2 Rb6 24.Rd2 Reb8 25.Nd1 bxc4 26.Bxc4 Ng8 27.Qe3 Qh4 28.Kg2 Nf6 29.Qf2 Qh6
30.h4 Qf4 31.Re1 h5 32.g5 Nh7 33.Ree2 f6 34.gxf6 Rf8 35.Qg3 Qxf6 36.Rf2 Rbb8
37.Nc3 Rf7 38.Rd1 Rbf8 39.Rh1 Qd8 40.Ne2 Qa5 41.Nc1 Nf6 42.Nd3 Bb5 43.b3 Bxc4
44.bxc4 Qc3 45.Rd1 Qxc4 46.Kh2 Kh7 47.Rg2 Rg8 48.Nf2 Kh8 49.Nh3 Nh7 50.Rdg1 Qd3
51.Ng5 Nxg5 52.Qxg5 Kh7 53.Rg3  0-1

[Event "7th Amplico AIG Life"]
[Site "Warsaw POL"]
[Date "2007.12.16"]
[Round "12"]
[White "Vovk,Y"]
[Black "Kanarek,M"]
[Result "0-1"]
[WhiteElo "2561"]
[BlackElo "2324"]

1.d4 Nf6 2.c4 g6 3.Nc3 Bg7 4.e4 d6 5.Nf3 O-O 6.Be2 e5 7.O-O Nbd7 8.Be3 c6
9.Qc2 Qe7 10.Rad1 a5 11.Rfe1 exd4 12.Bxd4 Nc5 13.e5 dxe5 14.Nxe5 Be6 15.Bf3 Rfd8
16.Qe2 Rxd4 17.Rxd4 Nfd7 18.Rxd7 Nxd7 19.Nxd7 Qxd7 20.Na4 Qd4 21.Rd1 Qe5
22.Qxe5 Bxe5 23.b3 Re8 24.g3 Bc7 25.Kg2 Rd8 26.Rxd8+ Bxd8  0-1

[Event "ch-RSA"]
[Site "Milnerton RSA"]
[Date "2007.12.17"]
[Round "5"]
[White "Mosetlhe,K"]
[Black "Cawdery,D"]
[Result "1/2-1/2"]
[WhiteElo "2144"]
[BlackElo "2254"]

1.d4 Nf6 2.c4 g6 3.Nc3 Bg7 4.e4 d6 5.Be2 O-O 6.Nf3 Nbd7 7.O-O e5 8.Be3 exd4
9.Nxd4 Re8 10.f3 c6 11.Qd2 Qe7 12.Rae1 Nb6 13.Bf2 Be6 14.Nxe6 Qxe6 15.b3 Nfd7
16.Bd3 a5 17.a4 Nc5 18.Bc2 Nbd7 19.Rd1 Bf8 20.Bd4 Qe7 21.f4 f6 22.Qf2 Ne6
23.Be3 Ng7 24.Rde1 Qf7 25.Qh4 f5 26.Bd4 Be7 27.Qf2 Nf6 28.exf5 gxf5 29.Qg3 Kh8
30.Qh3 Ng4 31.Ne2 Bf6 32.Bxf6 Qxf6 33.Qc3 Qh4 34.Qg3 Qf6 35.Qc3 Qh6 36.h3 Ne3  1/2-1/2

[Event "ch-RSA"]
[Site "Milnerton RSA"]
[Date "2007.12.17"]
[Round "6"]
[White "Solomon,K"]
[Black "Solomons,D"]
[Result "1-0"]
[WhiteElo "2332"]
[BlackElo "2231"]

1.d4 Nf6 2.c4 g6 3.Nc3 Bg7 4.e4 d6 5.Be2 O-O 6.Nf3 e5 7.Be3 Nc6 8.d5 Ne7
9.Nd2 Nd7 10.Qc2 f5 11.f3 c5 12.g4 Nf6 13.gxf5 gxf5 14.O-O-O f4 15.Bf2 Ng6
16.a3 Kh8 17.b4 b6 18.Nb3 Bd7 19.Kb2 Rg8 20.bxc5 bxc5 21.Ka2 Nh5 22.Rb1 Bf6
23.Nb5 Bc8 24.Be1 a6 25.Ba5 Qe7 26.Nc3 Nh4 27.Rhg1 Bd7 28.Nd2 Ng2 29.Qb2 Bh4
30.Qb7 Rae8 31.Bf1 Ne3 32.Rxg8+ Rxg8 33.Qxa6 Nxf1 34.Nxf1 Qg7 35.Qxd6 Qg2+
36.Ka1 Be8 37.Qe6 Qxf3 38.d6 Bg6 39.Nd2 Qe3 40.Nf1 Qf3 41.Nd2 Qe3 42.Nb5 Bxe4
43.Nxe4 Qxe4 44.Bc3 Ng7 45.Bxe5 Qg2 46.d7 Qa8 47.Rg1  1-0

[Event "Open A"]
[Site "Zadar CRO"]
[Date "2007.12.17"]
[Round "2"]
[White "Cvitan,O"]
[Black "Armanda,I"]
[Result "1-0"]
[WhiteElo "2543"]
[BlackElo "2340"]

1.d4 Nf6 2.c4 g6 3.Nc3 Bg7 4.e4 d6 5.Nf3 O-O 6.Be2 Na6 7.O-O e5 8.Be3 Ng4
9.Bg5 f6 10.Bc1 Qe8 11.Re1 h5 12.h3 Nh6 13.Rb1 exd4 14.Nxd4 Qf7 15.Be3 Re8
16.b4 f5 17.Bxh6 Bxh6 18.exf5 Bxf5 19.Nxf5 Qxf5 20.Bf3 Rxe1+ 21.Qxe1 Rf8
22.Bxb7 Nb8 23.Nd5 Kh8 24.Rb3 Qc2 25.Ne7 Re8 26.Qe6 Qc1+ 27.Kh2 Qf4+ 28.g3 Qxf2+
29.Bg2 Qxa2 30.Rf3 Rxe7 31.Qxe7 Qxc4 32.Rf7  1-0

[Event "4th SICC Masters"]
[Site "Singapore SIN"]
[Date "2007.12.18"]
[Round "4"]
[White "Paragua,M"]
[Black "Lin Chen"]
[Result "1-0"]
[WhiteElo "2514"]
[BlackElo "2364"]

1.d4 Nf6 2.c4 g6 3.Nf3 Bg7 4.Nc3 O-O 5.e4 d6 6.Be2 e5 7.O-O Nbd7 8.Be3 c6
9.d5 c5 10.Ne1 Ne8 11.g4 f5 12.exf5 gxf5 13.gxf5 Nb6 14.Nf3 Bxf5 15.Ng5 Nf6
16.Kh1 Qe7 17.Rg1 Kh8 18.Qd2 Rg8 19.Rg3 Bh6 20.Rag1 Raf8 21.a4 Nbd7 22.a5 a6
23.h4 Ne4 24.Ncxe4 Bxe4+ 25.f3 Bf5 26.b4 cxb4 27.Qxb4 Nf6 28.c5 Nxd5 29.cxd6 Qf6
30.Qxb7 Nxe3 31.Nf7+ Qxf7 32.Rxg8+ Qxg8 33.Rxg8+ Rxg8 34.d7 Bh3 35.Qxa6 Bg2+
36.Kg1 Bh3+ 37.Kf2 Rg2+ 38.Ke1 Rg1+ 39.Kd2 Nc4+ 40.Kd3 Nb2+ 41.Kc2 Bf5+ 42.Kxb2 Rb1+
43.Ka2  1-0

[Event "Open A"]
[Site "Zadar CRO"]
[Date "2007.12.18"]
[Round "4"]
[White "Hoelzl,F"]
[Black "Jankovic,A"]
[Result "1/2-1/2"]
[WhiteElo "2374"]
[BlackElo "2548"]

1.d4 Nf6 2.Nf3 g6 3.c4 Bg7 4.Nc3 d6 5.e4 O-O 6.Be2 e5 7.Be3 h6 8.O-O Ng4
9.Bc1 Nc6 10.d5 Ne7 11.a4 f5 12.Nh4 Nf6 13.exf5 gxf5 14.f4 e4 15.Be3 c5 16.a5 Ng4
17.Bxg4 fxg4 18.Nxe4 Nf5 19.Nxf5 Bxf5 20.Ng3 Qd7 21.Nxf5 Qxf5 22.Qb3 Rae8
23.Rae1 Rf7 24.Bd2 Rfe7 25.Rxe7 Rxe7 26.Bc3 Bd4+ 27.Bxd4 cxd4 28.Qb4 d3 29.Qxd6 Re2
30.a6 bxa6 31.Qb8+ Kf7 32.Qxa7+ Kg6 33.Qd4 d2 34.d6 Qc2 35.f5+ Kh5 36.Qd5 Rxg2+
37.Qxg2 d1=Q 38.Rxd1 Qxd1+ 39.Qf1 Qxd6 40.f6 Qd4+ 41.Qf2 Qxc4 42.f7 Qc1+
43.Qf1  1/2-1/2

[Event "Open A"]
[Site "Zadar CRO"]
[Date "2007.12.19"]
[Round "6"]
[White "Jankovic,A"]
[Black "Stupavski,Z"]
[Result "1-0"]
[WhiteElo "2548"]
[BlackElo "2392"]

1.d4 Nf6 2.Nf3 g6 3.c4 Bg7 4.Nc3 O-O 5.e4 d6 6.Be2 e5 7.O-O Nh5 8.g3 Bg4
9.d5 a5 10.a3 h6 11.Rb1 f5 12.Nh4 Bxe2 13.Qxe2 Qe8 14.exf5 gxf5 15.f4 e4
16.Nb5 Na6 17.Be3 Qf7 18.b4 axb4 19.axb4 Rad8 20.Rfd1 Kh7 21.Rd2 Rg8 22.Kf2 Bh8
23.Nd4 Bxd4 24.Bxd4 Nf6 25.Kf1 Nh5 26.Bf2 Nb8 27.c5 Rde8 28.Ng2 Nd7 29.cxd6 cxd6
30.Ne3 Ndf6 31.Rc1 Ng7 32.b5 Re7 33.b6 Ng4 34.Nxg4 fxg4 35.Rc7 Nf5 36.Qxe4 Rxe4
37.Rxf7+ Kg6 38.Rxb7 h5 39.Re2 Rge8 40.Rxe4 Rxe4 41.Rd7 Ne3+ 42.Bxe3 Rxe3  1-0

[Event "ch-RSA"]
[Site "Milnerton RSA"]
[Date "2007.12.21"]
[Round "10"]
[White "Solomon,K"]
[Black "Cawdery,D"]
[Result "1-0"]
[WhiteElo "2332"]
[BlackElo "2254"]

1.d4 Nf6 2.c4 g6 3.Nc3 Bg7 4.e4 d6 5.Be2 O-O 6.Nf3 e5 7.Be3 Na6 8.O-O c6
9.d5 Ng4 10.Bg5 f6 11.Bh4 Nh6 12.Nd2 Nf7 13.a3 h5 14.f3 c5 15.Rb1 Bh6 16.Bd3 Bg5
17.Qe1 Bxh4 18.Qxh4 g5 19.Qf2 Kg7 20.Nd1 Bd7 21.Ne3 Nh6 22.Rfc1 Qe8 23.b4 b6
24.h4 Qg6 25.Qg3 Kf7 26.Nf5 Nxf5 27.exf5 Bxf5 28.Bxf5 Qxf5 29.Ne4 Rad8 30.hxg5 Rg8
31.Qh4 Qg6 32.Nxf6 Qxg5 33.Qxg5 Rxg5 34.Ne4 Rg6 35.Kf2 Rc8 36.g3 Ke7 37.b5 Nc7
38.Rh1 Rh8 39.Rh4 Ne8 40.Rbh1 Nf6 41.Nxf6 Rxf6 42.Rxh5 Rhf8 43.Rh7+ Ke8 44.Rxa7 Rxf3+
45.Ke2 R3f7 46.Ra6  1-0

[Event "Open A"]
[Site "Zadar CRO"]
[Date "2007.12.21"]
[Round "8"]
[White "Titz,Hei"]
[Black "Ivic,Ma"]
[Result "0-1"]
[WhiteElo "2223"]
[BlackElo "2293"]

1.c4 Nf6 2.Nc3 g6 3.e4 d6 4.d4 Bg7 5.Nf3 O-O 6.Be2 e5 7.d5 a5 8.Bg5 h6 9.Bh4 Na6
10.Nd2 Qe8 11.O-O Bd7 12.b3 Nh7 13.a3 f5 14.f3 g5 15.Bf2 f4 16.Rb1 h5 17.b4 Qg6
18.h3 Nf6 19.c5 g4 20.fxg4 hxg4 21.hxg4 Bxg4 22.Bf3 Kf7 23.Re1 Rh8 24.cxd6 cxd6
25.Kf1 Rh1+ 26.Ke2 Rh2 27.Rg1 Rc8 28.Kd3 axb4 29.axb4 Bd7 30.Rh1 Ng4 31.Qe2 Rxh1  0-1

[Event "Abierto"]
[Site "Pamplona ESP"]
[Date "2007.12.23"]
[Round "3"]
[White "Pogorelov,R"]
[Black "Ugalde Ezcurra,J"]
[Result "1-0"]
[WhiteElo "2411"]
[BlackElo "2218"]

1.Nf3 Nf6 2.c4 g6 3.Nc3 Bg7 4.e4 d6 5.d4 O-O 6.Be2 e5 7.O-O Na6 8.Be3 Ng4
9.Bg5 Qe8 10.c5 h6 11.Bh4 exd4 12.Nd5 Qd7 13.Bxa6 bxa6 14.c6 Qe8 15.Nxc7 Qxc6
16.Nxa8 Qxa8 17.Re1 Re8 18.Rc1 Bb7 19.Nxd4 Be5 20.Bg3 Bxg3 21.hxg3 Nf6 22.f3 Qb8
23.Ne2 d5 24.Qd4 Nh5 25.g4 dxe4 26.gxh5 exf3 27.hxg6 Rxe2 28.gxf7+ Kxf7 29.Qd7+ Re7
30.Rxe7+  1-0

[Event "Abierto"]
[Site "Pamplona ESP"]
[Date "2007.12.26"]
[Round "5"]
[White "Pogorelov,R"]
[Black "Martinez Martin,D"]
[Result "1/2-1/2"]
[WhiteElo "2411"]
[BlackElo "2400"]

1.Nf3 Nf6 2.c4 g6 3.Nc3 Bg7 4.e4 d6 5.d4 O-O 6.Be2 e5 7.d5 a5 8.Bg5 h6 9.Bh4 Na6
10.Nd2 Qe8 11.Rb1 Nc5 12.b3 Bd7 13.Qc2 Nh7 14.f3 Bf6 15.Bf2 Bg5 16.h4 Be7
17.a3 f5 18.b4 axb4 19.axb4 Na6 20.c5 Nf6 21.c6 bxc6 22.dxc6 Be6 23.O-O Nh5
24.b5 Nc5 25.Bc4 Nf4 26.Bxc5 dxc5 27.g3 Bxc4 28.Nxc4 Ne6 29.Nd5 Nd4 30.Qg2 Bd8
31.b6 Rf7 32.Nd6 cxd6 33.c7 Rc8 34.Qa2 Kg7 35.b7 Bxc7 36.bxc8=Q Qxc8 37.Kg2 Bd8
38.Qc4 Bxh4 39.gxh4 fxe4 40.Ne3 exf3+ 41.Kf2 Qd8 42.Rh1 Qa5 43.Rb2 Ra7 44.Rhb1  1/2-1/2

[Event "16th Donau Open"]
[Site "Aschach Donau AUT"]
[Date "2007.12.27"]
[Round "3"]
[White "Zojer,T"]
[Black "Ungureanu,V"]
[Result "0-1"]
[WhiteElo "2157"]
[BlackElo "2319"]

1.d4 Nf6 2.Nf3 g6 3.c4 Bg7 4.Nc3 O-O 5.e4 d6 6.Be2 Nbd7 7.O-O e5 8.Be3 Ng4
9.Bg5 f6 10.Bh4 Nh6 11.d5 g5 12.Bg3 f5 13.exf5 Nxf5 14.Ne4 h6 15.Nfd2 a5
16.Bg4 Nf6 17.Nxf6+ Qxf6 18.Ne4 Qe7 19.Bxf5 Bxf5 20.Qe2 b6 21.Rae1 Qf7 22.f3 Qg6
23.h3 h5 24.Nf2 Rf7 25.Bh2 g4 26.hxg4 hxg4 27.fxg4 Bd7 28.Qe4 Qg5 29.Nh3 Rxf1+
30.Rxf1 Qxg4 31.Qxg4 Bxg4 32.Nf2 Be2 33.Rc1 Bh6 34.Rc2 Bh5 35.g4 Bg6 36.Re2 Rf8
37.Bg3 a4 38.Kg2 Bc1 39.Kh2 Kg7 40.Kg2 b5 41.b3 bxc4 42.bxc4 Rb8 43.Kf3 Rb4
44.c5 Bf7 45.Nd3 Bxd5+ 46.Kf2 Rc4 47.Bh4 Ba3 48.cxd6 cxd6 49.Be7 Rxg4 50.Nxe5 Bc5+
51.Ke1 Bb4+ 52.Kd1 dxe5 53.Rxe5 Bxa2 54.Rg5+ Rxg5 55.Bxg5 Bb3+ 56.Kc1 a3
57.Be3 Bc3  0-1

[Event "16th Donau Open"]
[Site "Aschach Donau AUT"]
[Date "2007.12.27"]
[Round "3"]
[White "Neuman,P"]
[Black "Binder,M"]
[Result "1-0"]
[WhiteElo "2415"]
[BlackElo "2079"]

1.d4 Nf6 2.c4 g6 3.Nc3 Bg7 4.e4 d6 5.Nf3 O-O 6.Be2 e5 7.Be3 Nc6 8.d5 Ne7
9.Nd2 Nd7 10.b4 f5 11.f3 f4 12.Bf2 g5 13.c5 Nf6 14.Nc4 Ne8 15.a4 Rf7 16.a5 Bd7
17.Rc1 Ng6 18.Na3 Nh4 19.Rg1 Kh8 20.Qb3 Bc8 21.h3 Bf8 22.Nc4 Ng6 23.cxd6 Nxd6
24.Nxd6 Bxd6 25.Nb5 Qe7 26.Nxd6 Qxd6 27.Rc2 h5 28.Qc3 Rg7 29.Kd1 Qf6 30.Kc1 Bd7
31.Kb2 Nh4 32.Qe1 c6 33.dxc6 Bxc6 34.b5 Be8 35.Qc1 Qd8 36.b6 axb6 37.Bxb6 Qe7
38.Rc5 Rg6 39.Qc3 Re6 40.Bd1 Ng6 41.Bb3 Rc6 42.Qc4 Bd7 43.Rd1 Be6 44.Rxc6 Bxc4
45.Rxc4 Nf8 46.Rc7 Qb4 47.Rc4 Qe7 48.Rc7 Qb4 49.Rc4 Qe7 50.Rc5 Qe8 51.Rd6 Rc8
52.Rxc8 Qxc8 53.Rd8  1-0

[Event "Abierto"]
[Site "Pamplona ESP"]
[Date "2007.12.28"]
[Round "8"]
[White "Lafuente,P"]
[Black "Calzetta,M"]
[Result "1-0"]
[WhiteElo "2489"]
[BlackElo "2287"]

1.d4 Nf6 2.Nf3 g6 3.c4 Bg7 4.Nc3 O-O 5.e4 d6 6.Be2 e5 7.Be3 Ng4 8.Bg5 f6
9.Bh4 Nc6 10.d5 Ne7 11.Nd2 Nh6 12.O-O f5 13.c5 f4 14.cxd6 cxd6 15.Rc1 Bf6
16.Bxf6 Rxf6 17.Nb5 Kh8 18.Nf3 Nf7 19.Nc7 Rb8 20.Qa4 Bd7 21.Qxa7 g5 22.Nd2 g4
23.Ne6 Bxe6 24.dxe6 Ng5 25.Bxg4 Nxe6 26.Bxe6 Rxe6 27.Nf3 Nc6 28.Rxc6 bxc6
29.Ng5 Re7 30.Nf7+ Rxf7 31.Qxf7 Rxb2 32.h3 Rb8 33.Rd1 c5 34.Qe6 Rb6 35.Qxe5+ dxe5
36.Rxd8+ Kg7 37.Rc8 Rb1+ 38.Kh2 Rb2 39.f3 Rxa2 40.Rxc5 Kf6 41.h4 h5 42.Rc8 Kg7
43.Re8 Ra5 44.Re6 Rb5 45.Rd6 Rb2 46.Rd1 Ra2 47.Rf1 Kf6 48.Kh3 Ra3 49.g3 fxg3
50.Kxg3 Ra8 51.Rc1 Ra5 52.Rc8 Kf7 53.Rc7+ Kf6 54.Rd7 Ra3 55.Rd8 Ra5 56.Re8 Kg7
57.Rd8 Ra3 58.Re8 Ra5 59.Re6 Rb5 60.Ra6 Rc5 61.Ra3 Rc6 62.Rd3 Rg6+ 63.Kf2 Ra6
64.f4 Ra2+ 65.Kf3 Rh2 66.Rd7+ Kf6 67.fxe5+ Ke6 68.Rd6+ Ke7 69.Kg3 Re2 70.Rd4 Ke6
71.Kf4 Rh2 72.Rd6+ Ke7 73.Kg3 Re2 74.Kf4 Rf2+ 75.Kg5 Rg2+ 76.Kxh5 Re2 77.Rd4 Ke6
78.Kh6 Kxe5 79.Ra4 Rg2 80.h5 Rg4 81.Kh7 Rg1 82.h6 Rg2 83.Ra6 Kxe4 84.Ra5 Rg1
85.Kh8 Rg2 86.h7 Rg6 87.Ra8 Kf5  1-0

[Event "37th Rilton Cup"]
[Site "Stockholm SWE"]
[Date "2007.12.28"]
[Round "2"]
[White "Fontaine,R"]
[Black "Nithander,V"]
[Result "1-0"]
[WhiteElo "2562"]
[BlackElo "2367"]

1.d4 Nf6 2.c4 g6 3.Nc3 Bg7 4.e4 d6 5.Nf3 O-O 6.Be2 e5 7.O-O Na6 8.Be3 Ng4
9.Bg5 Qe8 10.c5 exd4 11.Nd5 Nxc5 12.Nxc7 Qxe4 13.Re1 Rb8 14.Bc4 Qf5 15.Be7 Ne5
16.Nxe5 Bxe5 17.Rxe5 Qxe5 18.Nd5 Ne4 19.f4 Qg7 20.Qf3 Bf5 21.Bd3 Be6 22.Qxe4 Bxd5
23.Qxd5 Rfe8 24.Qxd6 a6 25.Rc1 Qh6 26.Bf6 Rbc8 27.Rxc8 Rxc8 28.Bxd4 Qh4 29.Qe5 Rc1+
30.Bf1 f6 31.Qe6+ Kf8 32.g3 Qh5 33.Qxf6+ Ke8 34.Qe6+ Kf8 35.Qd6+ Kf7 36.Qd7+ Kf8
37.Qg7+ Ke8 38.Qe5+ Qxe5 39.Bxe5 Kd7 40.Kf2 Rc2+ 41.Be2  1-0

[Event "Weihnachtsopen Meister"]
[Site "Zurich SUI"]
[Date "2007.12.28"]
[Round "4"]
[White "Duessel,U"]
[Black "Cherniaev,A1"]
[Result "0-1"]
[WhiteElo "2283"]
[BlackElo "2484"]

1.d4 d6 2.Nf3 g6 3.c4 Bg7 4.e4 Nf6 5.Nc3 O-O 6.Be2 Na6 7.O-O e5 8.d5 Nc5
9.Qc2 a5 10.Be3 Ng4 11.Bxc5 dxc5 12.Rad1 Qe7 13.Qd3 Ra6 14.Ne1 Nf6 15.Qe3 Ne8
16.Nd3 b6 17.Nb5 Nd6 18.Nxc5 bxc5 19.Qxc5 Qg5 20.Rd3 Nxe4 21.Qxc7 Bf5 22.d6 Bf6
23.d7 Bd8 24.Qxe5 Re6 25.Qd5 Nf6 26.Bf3 Nxd5 27.Rxd5 Qe7 28.h3 Re1 29.Nd4 Rxf1+
30.Kxf1  0-1

[Event "57th ch-RUS w"]
[Site "Moscow RUS"]
[Date "2007.12.29"]
[Round "10"]
[White "Ovod,E"]
[Black "Girya,O"]
[Result "1-0"]
[WhiteElo "2386"]
[BlackElo "2338"]

1.d4 Nf6 2.c4 g6 3.Nc3 Bg7 4.e4 d6 5.Nf3 O-O 6.Be2 e5 7.Be3 Na6 8.dxe5 dxe5
9.Qb3 c6 10.Qa3 Ng4 11.Bg5 f6 12.Rd1 Qb6 13.Bh4 Qc5 14.Qxc5 Nxc5 15.Nd2 Nh6
16.f3 Rd8 17.Nb3 Rxd1+ 18.Kxd1 Ne6 19.Bf2 Nf4 20.Bf1 Nf7 21.h4 Be6 22.Kc2 b6
23.g3 Nh5 24.c5 b5 25.Na5 Rc8 26.Be2 Bf8 27.Ra1 Nd8 28.a4 a6 29.b4 Bf7 30.Bf1 f5
31.exf5 gxf5 32.Bd3 Be6 33.axb5 axb5 34.Nb3 Bg7 35.Ra6 Nf6 36.Na5 Kf8 37.Be1 Rc7
38.Kd2 Ke7 39.Ke2 Kd7 40.Bxb5 cxb5 41.Nxb5 Ne8 42.Nxc7 Nxc7 43.Ra7 Nc6 44.Nxc6 Bc4+
45.Kf2 Kxc6 46.Bc3 Bf6 47.f4 Nd5 48.fxe5 Nxc3 49.exf6 Ne4+ 50.Ke3 Nxf6 51.Kd4 Be2
52.Rf7 Ne4 53.Rxf5 Nxg3 54.Rf6+ Kb5 55.Rb6+ Ka4 56.Ke5 Bd3 57.c6 Nf5 58.c7 Ne7
59.Rb8 Ba6 60.Ke6  1-0

[Event "Abierto"]
[Site "Pamplona ESP"]
[Date "2007.12.29"]
[Round "9"]
[White "Ros Octavio de Toledo,E"]
[Black "Rivero Ojeda,C"]
[Result "1-0"]
[WhiteElo "2166"]
[BlackElo "2326"]

1.Nf3 g6 2.c4 Bg7 3.Nc3 Nf6 4.e4 O-O 5.d4 d6 6.Be2 Nbd7 7.O-O e5 8.Re1 c6
9.Bf1 Re8 10.Rb1 exd4 11.Nxd4 Nc5 12.f3 d5 13.cxd5 cxd5 14.e5 Nfd7 15.f4 a6
16.Kh1 Nb6 17.Be3 Be6 18.Nxe6 Nxe6 19.Bxb6 Qxb6 20.Nxd5 Qa5 21.b4 Qd8 22.Qf3 b5
23.Red1 Qb8 24.Bd3 Ra7 25.Be4 Rd8 26.Rd3 Re8 27.Rbd1 Rf8 28.h4 Kh8 29.g4 h6
30.f5 Qxe5 31.f6 Re8 32.fxg7+ Nxg7 33.Nf6 Rf8 34.Nd7 Rxd7 35.Rxd7 f5 36.gxf5 gxf5
37.Bc6 Qf6 38.R1d4 Ne6 39.R7d6 Qe5 40.Rd1 Qf6 41.Qf2 Qe5 42.Bf3 Rg8 43.Rxe6 Qxe6
44.Qd4+ Rg7 45.Rg1  1-0

[Event "37th Rilton Cup"]
[Site "Stockholm SWE"]
[Date "2007.12.29"]
[Round "3"]
[White "Wickstrom,L"]
[Black "Akesson,J"]
[Result "0-1"]
[WhiteElo "2115"]
[BlackElo "2344"]

1.d4 Nf6 2.c4 g6 3.Nc3 Bg7 4.Nf3 O-O 5.e4 d6 6.Be2 Na6 7.O-O e5 8.Be3 Ng4
9.Bg5 Qe8 10.h3 h6 11.hxg4 hxg5 12.dxe5 dxe5 13.Nxg5 Qe7 14.Nh3 c6 15.Qc2 Nc5
16.Bf3 Qh4 17.b4 Ne6 18.Ne2 Nf4 19.Nhxf4 exf4 20.Rad1 Be5 21.Qd2 Bxg4 22.Bxg4 Qxg4
23.Nd4 Bxd4 24.Qxd4 f3  0-1

[Event "16th Donau Open"]
[Site "Aschach Donau AUT"]
[Date "2007.12.31"]
[Round "7"]
[White "Zojer,T"]
[Black "Sippl,M"]
[Result "1-0"]
[WhiteElo "2157"]
[BlackElo "2107"]

1.d4 Nf6 2.Nf3 d6 3.c4 g6 4.Nc3 Bg7 5.e4 O-O 6.Be2 Nbd7 7.O-O e5 8.d5 Nc5
9.Nd2 a5 10.Rb1 Ne8 11.Nb3 Nxb3 12.Qxb3 f5 13.Qd1 Nf6 14.f3 f4 15.a3 g5 16.b4 axb4
17.axb4 h5 18.h3 Rf7 19.Bd2 Bf8 20.Ra1 Rxa1 21.Qxa1 g4 22.Qa8 gxh3 23.Nb5 hxg2
24.Rf2 Rg7 25.Qa7 Ne8 26.Rxg2 Rxg2+ 27.Kxg2 Qg5+ 28.Kh1 Qh4+ 29.Kg1 Qg3+
30.Kh1 Qh3+ 31.Kg1 b6 32.Be1 Qd7 33.Bf1 Qg7+ 34.Kh2 Qd7 35.Qa8 Nf6 36.Na7 Ba6
37.b5 Ng4+ 38.fxg4 hxg4 39.bxa6 Qh7+ 40.Kg1 Qxe4 41.Qc8 Qxe1 42.Qxg4+ Bg7
43.Nc6 Qe3+ 44.Kh1 Qe1 45.Qh3 Qe4+ 46.Bg2 Qe1+ 47.Kh2 f3 48.a7 f2 49.a8=Q+ Bf8
50.Ne7+ Kg7 51.Qg4+ Kh7 52.Qg6+  1-0